00629nam a22002057a 4500003000900000005001700009008003200026017000900058035000600067040002500073082000900098100004100107245010300148260005200251300002100303650002100324650002100345650002700366700003000393DO-SdBNP20171205130110.0060721 1972 pr a spa  a b  a  aBPMSUbspacBPMSUe  a b 1 aOppenheimer, Felix Francod1912-200410aImagenes :bprosas, decires y aforismos /h cFelix Franco Oppenheimer ; viñetas Eloisa Franco  aRio Piedras, Puerto Rico : bEdil,c1972.e f  a165 p. ;c23 cm. 2NOVELA INGLESA  42MAGIA - NOVELA  42NOVELA JUVENIL INGLESA1 aFranco, Eloisaeviñetas